Vývoj demokratizačního procesu a ekonomické transformace v zemích střední a východní Evropy a v zemích bývalého Sovětského svazu

Skúmanie a hodnotenie priebehu transformácie v krajinách strednej a východnej Európy a v krajinách bývalého Sovietskeho zväzu. Demokratizačný proces. Politický a ekonomický vývoj v hodnotených krajinách. Fungovanie demokracie v krajinách respondentov.

Salvato in:
Dettagli Bibliografici
Autore principale: Paulík, Tibor
Altri autori: Pellešová, Pavlína
Natura: Capitolo di libro
Lingua:ceco
Soggetti:
Tags: Aggiungi Tag
Nessun Tag, puoi essere il primo ad aggiungerne!!

MARC

LEADER 00000naa$a2200000$$$4500
001 0001787
005 20231004075925.4
041 0 |a cze 
044 |a CZ 
245 1 0 |a Vývoj demokratizačního procesu a ekonomické transformace v zemích střední a východní Evropy a v zemích bývalého Sovětského svazu  |c aut. Tibor Paulík, Pavlína Pellešová 
520 |a Skúmanie a hodnotenie priebehu transformácie v krajinách strednej a východnej Európy a v krajinách bývalého Sovietskeho zväzu. Demokratizačný proces. Politický a ekonomický vývoj v hodnotených krajinách. Fungovanie demokracie v krajinách respondentov. 
610 2 0 |a transformácia 
610 2 0 |a demokratizácia 
610 2 0 |a SVE 
610 2 0 |a ZSSR 
610 2 0 |a vývoj spoločenský 
610 2 0 |a systémy právne 
610 2 0 |a poriadok právny 
610 2 0 |a rast hospodársky 
100 1 |a Paulík, Tibor 
700 1 |a Pellešová, Pavlína